Szczegóły MARC21

Przemiany w polskim szkolnictwie /

003 -Nazwa inst., której nr kontr. jest w polu 001 [,]
    • @
    • Nazwa instytucji, której n kontrolny jest w polu 001
    • NUKAT
005 -DATA I CZAS OSTATNIEJ MODYFIKACJI [,]
    • @
    • pole kontrolne
    • 20241231115512.0
040 -Instytucja sporządzająca opis [ , ]
    • a
    • Instytucja, która sporządziła opis (NP)
    • WA M/MM
    • c
    • Instytucja, która sporządziła rekord (NP)
    • WA M/MM
    • d
    • Instytucja, która zmodyfikowała rekord (P)
    • WA M/ES
    • d
    • Instytucja, która zmodyfikowała rekord (P)
    • Ł U/AS
    • d
    • Instytucja, która zmodyfikowała rekord (P)
    • Ł U/MRs
942 -Rodzaj dokumentu [ , ]
    • c
    • Rodzaj dokumentu
    • Książka
245 -Strefa tytułu i oznaczenia odpowiedzialności [0,0]
    • a
    • Tytuł
    • Przemiany w polskim szkolnictwie / Find
    • c
    • Pozostałe elementy strefy tytułu i oznaczenia odpowiedzialności (NP)
    • Magdalena Górowska-Fells, Marta Zahorska.
260 -Strefa adresu wydawniczego [ , ]
    • a
    • Miejsce wydania (P)
    • Warszawa :
    • b
    • Nazwa wydawcy (P)
    • Instytut Socjologii Uniwersytetu Warszawskiego,
    • c
    • Data wydania (P)
    • 1991.
300 -Strefa opisu fizycznego [ , ]
    • a
    • Określenie formy książki i/lub objętość (NP)
    • 46 s. ;
    • c
    • Format (NP)
    • 21 cm.
336 -Typ zawartości [ , ]
    • a
    • Termin opisujący typ zawartości
    • Tekst
    • b
    • Kod określający zawartość
    • txt
    • 2
    • Źródło (terminu i kodu)
    • rdacontent
337 -Typ mediów [ , ]
    • a
    • Tryb odtwarzania
    • Bez urządzenia pośredniczącego
    • b
    • Kod typu mediów
    • n
    • 2
    • Źródło (terminu i kodu)
    • rdamedia
338 -Typ/rodzaj nośnika [ , ]
    • a
    • Hasło opisujące typ nośnika
    • Wolumin
    • b
    • Kod typu nośnika
    • nc
    • 2
    • Źródło (terminu i kodu)
    • rdacarrier
490 -Strefa serii i książki wielotomowej - forma nie do wyszukiwania [1, ]
    • a
    • Tytuł (P)
    • Instytut Socjologii Uniwersytetu Warszawskiego. Zespół Badań Socjologicznych nad Problemami Oświaty ; Find
    • v
    • Numeracja (P)
    • z. 51
830 -Hasło dodatkowe serii i opisu książki wielotomowej - tytuł ujednolicony/tytuł [ ,0]
    • a
    • Tytuł ujednolicony/tytuł (NP)
    • Instytut Socjologii Uniwersytetu Warszawskiego.
    • p
    • Nazwa części/podserii/sekcji (P)
    • Zespół Badań Socjologicznych nad Problemami Oświaty
    • v
    • Oznaczenie tomu (NP)
    • z. 51
    • 9
    • KHW
    • 60301
504 -Uwaga dot. bibliogr. załącznikowej [ , ]
    • a
    • Uwaga dot. bibliografii załącznikowej
    • Bibliogr. s. 44-46.
505 -Uwaga dot. zawartości książki [0, ]
    • a
    • Uwaga dot. zawartości książki
    • Problemy przemian w polskim szkolnictwie / Marta Zahorska. W poszukiwaniu etosu nauczycielskiego : wstępne analizy danych z badań nad nauczycielami z marca 1990 roku / Magdalena Górowska-Fells. Warunki bytowe nauczycieli polskich w połowie lat osiemdziesiątych / Magdalena Górowska-Fells.
536 -Uwaga dot. finansowania książki [ , ]
    • a
    • Tekst uwagi
    • Praca wykonana w ramach Problemu badawczego pt.: "Satysfakcja zawodowa nauczycieli (badania porównawcze w 11 krajach)"
080 -Uniwersalna Klasyfikacja Dziesiętna [ , ]
    • 2
    • Identyfikator wydania tablic
    • UDC-P058
    • 9
    • UKD
    • 3863
    • a
    • Symbol klasyfikacji
    • 37.091
    • b
    • Dopowiedzenie
    • Organizacja instytucji oświatowych. Organizacja szkolnictwa.
    • 4
    • UKD2
    • 7642
    • x
    • Poddział wspólny
    • (438)
    • c
    • Dopowiedzenie poddz. wspólnego
    • (Polska).
650 -Hasło przedmiotowe [ ,7]
    • a
    • Hasło przedmiotowe
    • Nauczyciele
    • x
    • Określnik rzeczowy
    • deontologia
    • z
    • Określnik geograficzny
    • Polska
    • y
    • Określnik chronologiczny
    • 1970-2000.
    • 2
    • Źródło terminu
    • kaba
    • 9
    • KHW
    • 410248
650 -Hasło przedmiotowe [ ,7]
    • a
    • Hasło przedmiotowe
    • Nauczyciele
    • z
    • Określnik geograficzny
    • Polska
    • x
    • Określnik rzeczowy
    • sytuacja gospodarcza
    • y
    • Określnik chronologiczny
    • 1970-2000.
    • 2
    • Źródło terminu
    • kaba
    • 9
    • KHW
    • 410247
650 -Hasło przedmiotowe [ ,7]
    • a
    • Hasło przedmiotowe
    • Reforma szkolnictwa
    • z
    • Określnik geograficzny
    • Polska
    • y
    • Określnik chronologiczny
    • 1970-2000.
    • 2
    • Źródło terminu
    • kaba
    • 9
    • KHW
    • 369887
980 -Symbol UKD [ , ]
    • a
    • UKD
    • 37.091(438)
700 -Hasło dodatkowe - nazwa osobowa [1,2]
    • a
    • Nazwa osobowa (NP)
    • Górowska-Fells, Magdalena. Find
    • t
    • Tytuł ujednolicony/tytuł (NP)
    • W poszukiwaniu etosu nauczycielskiego Find
    • l
    • Język tekstu (NP)
    • (pol.)
    • 9
    • KHW
    • 60298
700 -Hasło dodatkowe - nazwa osobowa [1,2]
    • a
    • Nazwa osobowa (NP)
    • Zahorska-Bugaj, Marta Find
    • d
    • Daty biograficzne (NP)
    • (1947- ).
    • t
    • Tytuł ujednolicony/tytuł (NP)
    • Problemy przemian w polskim szkolnictwie Find
    • l
    • Język tekstu (NP)
    • (pol.)
    • 9
    • KHW
    • 60300
700 -Hasło dodatkowe - nazwa osobowa [1,2]
    • a
    • Nazwa osobowa (NP)
    • Górowska-Fells, Magdalena. Find
    • t
    • Tytuł ujednolicony/tytuł (NP)
    • Warunki bytowe nauczycieli polskich w połowie lat osiemdziesiątych Find
    • l
    • Język tekstu (NP)
    • (pol.)
    • 9
    • KHW
    • 60299
Numer inwentarzowy Status udost. Data inwentaryzacji Lokalizacja
Pd.937911996-11-29BG